<?xml version="1.0" encoding="UTF-8"?>
<record
    xmlns:xsi="http://www.w3.org/2001/XMLSchema-instance"
    xsi:schemaLocation="http://www.loc.gov/MARC21/slim http://www.loc.gov/standards/marcxml/schema/MARC21slim.xsd"
    xmlns="http://www.loc.gov/MARC21/slim">

  <leader>03369cam a2200409 i 4500</leader>
  <controlfield tag="001">20504841</controlfield>
  <controlfield tag="003">OSt</controlfield>
  <controlfield tag="005">20231205110150.0</controlfield>
  <controlfield tag="008">180513s2018    nyu      b   s001 0 eng c</controlfield>
  <datafield tag="010" ind1=" " ind2=" ">
    <subfield code="a">  2017058951</subfield>
  </datafield>
  <datafield tag="020" ind1=" " ind2=" ">
    <subfield code="a">9781438471754 (hardcover : alk. paper)</subfield>
  </datafield>
  <datafield tag="020" ind1=" " ind2=" ">
    <subfield code="z">9781438471761 (e-book)</subfield>
  </datafield>
  <datafield tag="035" ind1=" " ind2=" ">
    <subfield code="a">(OCoLC)NEW</subfield>
  </datafield>
  <datafield tag="040" ind1=" " ind2=" ">
    <subfield code="a">LBSOR/DLC</subfield>
    <subfield code="b">eng</subfield>
    <subfield code="c">LBSOR</subfield>
    <subfield code="e">rda</subfield>
    <subfield code="d">DLC</subfield>
  </datafield>
  <datafield tag="042" ind1=" " ind2=" ">
    <subfield code="a">pcc</subfield>
  </datafield>
  <datafield tag="043" ind1=" " ind2=" ">
    <subfield code="a">a-ii---</subfield>
  </datafield>
  <datafield tag="050" ind1="0" ind2="0">
    <subfield code="a">DS435</subfield>
    <subfield code="b">.C49 2018</subfield>
  </datafield>
  <datafield tag="082" ind1="0" ind2="0">
    <subfield code="a">954.0072</subfield>
    <subfield code="b">CHA/C</subfield>
  </datafield>
  <datafield tag="100" ind1=" " ind2=" ">
    <subfield code="a">Chattopadhyaya, Brajadulal </subfield>
    <subfield code="d">1939-2022,</subfield>
    <subfield code="e">author.</subfield>
    <subfield code="9">3046</subfield>
  </datafield>
  <datafield tag="245" ind1="1" ind2="4">
    <subfield code="a">The concept of Bharatavarsha and other essays /</subfield>
    <subfield code="c">B.D. Chattopadhyaya.</subfield>
  </datafield>
  <datafield tag="246" ind1="3" ind2=" ">
    <subfield code="a">Concept Bh&#x101;ratavarsha and other essays</subfield>
  </datafield>
  <datafield tag="264" ind1=" " ind2="1">
    <subfield code="a">Albany :</subfield>
    <subfield code="b">SUNY Press,</subfield>
    <subfield code="c">[2018]</subfield>
  </datafield>
  <datafield tag="300" ind1=" " ind2=" ">
    <subfield code="a">x, 240 pages ;</subfield>
    <subfield code="c">24 cm.</subfield>
  </datafield>
  <datafield tag="336" ind1=" " ind2=" ">
    <subfield code="a">text</subfield>
    <subfield code="b">txt</subfield>
    <subfield code="2">rdacontent</subfield>
  </datafield>
  <datafield tag="337" ind1=" " ind2=" ">
    <subfield code="a">unmediated</subfield>
    <subfield code="b">n</subfield>
    <subfield code="2">rdamedia</subfield>
  </datafield>
  <datafield tag="338" ind1=" " ind2=" ">
    <subfield code="a">volume</subfield>
    <subfield code="b">nc</subfield>
    <subfield code="2">rdacarrier</subfield>
  </datafield>
  <datafield tag="490" ind1="0" ind2=" ">
    <subfield code="a">SUNY series in Hindu studies</subfield>
  </datafield>
  <datafield tag="500" ind1=" " ind2=" ">
    <subfield code="a">"First published by Permanent Black"--title page verso.</subfield>
  </datafield>
  <datafield tag="504" ind1=" " ind2=" ">
    <subfield code="a">Includes bibliographical references and index.</subfield>
  </datafield>
  <datafield tag="505" ind1="0" ind2=" ">
    <subfield code="a">The concept of Bh&#x101;ratavarsha and its historiographical implications -- Space, history and cultural process : some ideas on the ingredients of subregional "identity" -- The state's perception of the "forest" and the "forest" as state in early India -- Rama's acts in exile and in kingdom -- Local and beyond : the story of Asura Naraka and society, state and religion in early Assam -- Festivals as ritual : an exploration into the convergence of rituals and the state in early India -- Accommodation and negotiation in a culture of exclusivism : some early Indian perspectives -- Interrogating "unity in diversity" : voices from India's ancient texts.</subfield>
  </datafield>
  <datafield tag="520" ind1=" " ind2=" ">
    <subfield code="a">"This collection explores what may be called the idea of India in ancient times. Its undeclared objective is to identify key concepts which show early Indian civilization as distinct and differently oriented from other formations. The essays focus on ancient Indian texts within a variety of genres. They identify certain key terms--such as Janapada, Desa, Varna, Dharma, Bhava--in their empirical contexts to suggest that neither the ideas embedded in these terms nor the idea of Bharatvarsha as a whole are "given entities," but that they evolved historically. Professor Chattopadhyaya examines these texts to unveil historical processes. Without denying comparative history, he stresses that the internal dynamics of a society are best decoded via its own texts. His approach bears very effectively on understanding ongoing interactions between India's "Great Tradition" and "Little Traditions." As a whole, this book is critical of the notion of overarching Indian unity in the ancient period. It punctures the retrospective thrust of hegemonic nationalism as an ideology that has obscured the diverse textures of Indian civilization. Renowned for his scholarship on the ancient Indian past, Professor Chattopadhyaya's latest collection only consolidates his high international reputation"--</subfield>
    <subfield code="c">Provided by publisher.</subfield>
  </datafield>
  <datafield tag="651" ind1=" " ind2="0">
    <subfield code="a">India</subfield>
    <subfield code="x">Historiography.</subfield>
  </datafield>
  <datafield tag="651" ind1=" " ind2="0">
    <subfield code="a">India</subfield>
    <subfield code="x">History</subfield>
    <subfield code="x">Sources.</subfield>
  </datafield>
  <datafield tag="906" ind1=" " ind2=" ">
    <subfield code="a">7</subfield>
    <subfield code="b">cbc</subfield>
    <subfield code="c">orignew</subfield>
    <subfield code="d">1</subfield>
    <subfield code="e">ecip</subfield>
    <subfield code="f">20</subfield>
    <subfield code="g">y-gencatlg</subfield>
  </datafield>
  <datafield tag="942" ind1=" " ind2=" ">
    <subfield code="2">ddc</subfield>
    <subfield code="c">BK</subfield>
    <subfield code="h">954.0072</subfield>
    <subfield code="i">CHA/C</subfield>
    <subfield code="k">954.0072</subfield>
    <subfield code="m">CHA/C</subfield>
  </datafield>
  <datafield tag="952" ind1=" " ind2=" ">
    <subfield code="0">0</subfield>
    <subfield code="1">0</subfield>
    <subfield code="2">ddc</subfield>
    <subfield code="4">0</subfield>
    <subfield code="7">0</subfield>
    <subfield code="8">HISTORY</subfield>
    <subfield code="a">MES</subfield>
    <subfield code="b">MES</subfield>
    <subfield code="c">HIS</subfield>
    <subfield code="d">2023-12-05</subfield>
    <subfield code="l">0</subfield>
    <subfield code="o">954.0072 CHA/C</subfield>
    <subfield code="p">44004</subfield>
    <subfield code="r">2023-12-05 11:02:21</subfield>
    <subfield code="v">595.00</subfield>
    <subfield code="w">2023-12-05</subfield>
    <subfield code="y">BK</subfield>
    <subfield code="z">GL36R2</subfield>
  </datafield>
  <datafield tag="999" ind1=" " ind2=" ">
    <subfield code="c">43823</subfield>
    <subfield code="d">43823</subfield>
  </datafield>
</record>
